|
|
|
|
| LEADER |
00000nab a2200000uu 4500 |
| 001 |
vtls011138696 |
| 003 |
SK-MaSNL |
| 005 |
20260303131203.0 |
| 008 |
230218|2012 xo |||||||||||||||||cze| |
| 015 |
|
|
|a SNBRB
|
| 035 |
|
|
|a (urnnbn)urn:nbn:sk:snk:ar-007vsp
|
| 035 |
|
|
|a (uuid)cdce8143-59e5-4fa3-82cc-ab430b8ad46c
|
| 035 |
|
|
|a urn:nbn:sk:snk-abar15
|
| 040 |
|
|
|a SNKBUCL
|b slo
|c SNKBUCL
|e AACR2
|
| 041 |
0 |
|
|a cze
|
| 044 |
|
|
|a xo
|c SK
|
| 100 |
1 |
|
|a Závada, F.
|4 aut
|9 1134515
|
| 245 |
1 |
0 |
|a Endosonografie v diagnostice choledocholitiázy
|c F. Závada, J. Martínek, M. Zavoral, T. Chvátalová
|
| 246 |
3 |
|
|a Endosonography in the diagnostics of choledocholithiasis
|
| 700 |
1 |
|
|a Martínek, J.
|4 aut
|9 306448
|
| 700 |
1 |
|
|a Zavoral, M.
|4 aut
|9 856108
|
| 700 |
1 |
|
|a Chvátalová, T.
|4 aut
|9 1133707
|
| 773 |
0 |
|
|t Gastroenterologie a hepatologie : časopis České gastroenterologické společnosti, České hepatologické společnosti, Slovenskej gastroenterologickej spoločnosti a Slovenskej hepatologickej spoločnosti
|g Roč. 66, č. 3 (2012), s. 160-164
|
| 954 |
|
|
|a odborná, vedecká literatúra cudzojazyčná (svetová)
|2 lita
|
| 958 |
|
|
|a OND
|
| 958 |
|
|
|a EUIPO
|
| 958 |
|
|
|a article14
|
| 999 |
|
|
|c 1944021
|d 1945951
|